| 000 | 00415 a2200157 4500 | ||
|---|---|---|---|
| 020 | _a9780545589529 | ||
| 020 | _a0545589525 | ||
| 041 | _aspa | ||
| 100 | _aLanders, Ace | ||
| 245 | _aAmigo o Enemigo / by Ace Landers. | ||
| 260 | _a1 volume (unpaged) : color illustrations ; | ||
| 300 | _a21 cm. | ||
| 440 | _aSaban's Power Rangers samurai | ||
| 500 | _aPower Rangers samurai (Television program) | ||
| 942 | _cBK | ||
| 999 |
_c8661 _d8661 |
||